Quizzes
Events
Quiz Creation
Community
Videos
Private Events
Remove Ads
Sign In
Join for FREE
Feedback
Dark Mode
Quiz Categories
Sports
Geography
Music
Movies
Television
Just For Fun
Miscellaneous
History
Literature
Language
Science
Gaming
Entertainment
Religion
Holiday
For Kids
Quiz Lab
Recent
Popular Today
Quiz Kudos Today
Editor Picks
Curator Picks
Quizzes by...
Day
Popularity
Type
Ratings
Length
Year
Community
Subscriptions
Recent Discussions
Orange Saloon
Badges
Playlists
Quests
Create
Leaderboards
Showdown
Live 5
Trivia Bingo
Activity
Puzzle Library
Sporcle Events
Private Events
Virtual Trivia
Globe League
Become a Host
Pub Owners
SporcleCon
Opinionation
Our Games
Videos
Blog
Mobile Apps
Partnerships
Remove Ads and Go Orange
Feedback
Geography
Country
Landmarks
City
State
Population
World
Capital
Continent
Flags
Europe
Africa
Asia
South America
North America
Oceania
Border
Canada
United Kingdom
Topography
United States
Geography
Country
Landmarks
City
State
Population
World
Capital
Continent
Flags
Europe
Africa
Asia
South America
North America
Oceania
Border
Canada
United Kingdom
Topography
United States
Random Quiz
Search Sporcle
×
Quiz Lab
Quiz Lab
Geography
Population
Type in answers that appear in a list
Type in answers that appear in a list
Classic
Best Score? Go Orange.
Largest Cities by 10° Longitude (120-180° East) Stats
Can you name the Largest Cities by 10° Longitude (120-180° East)?
By
viator_mundi
15m
120 Questions
298 Plays
298 Plays
298 Plays
Comments
Comments
Give Quiz Kudos
Give Quiz Kudos
-
- Ratings
hide this ad
Replay
Link that replays current quiz
Next Quiz
Link to next quiz in quiz playlist
You Got
0%
They Got
Avg Score
34%
Avg Friend Score
Upgrade to see
Score Distribution
Jump to the score distribution portion of the page
Score
0/120
Timer
15:00
0
Plays Today
° Range
City
% Correct
130-
140° East
Tokyo, Japan
97.7%
120-
130° East
Seoul, South Korea
96.6%
120-
130° East
Manila, Philippines
96%
130-
140° East
Osaka, Japan
94.6%
120-
130° East
Taipei, Taiwan
87.2%
150-
160° East
Sydney, Australia
86.6%
120-
130° East
Shanghai, China
85.6%
130-
140° East
Kobe, Japan
85.6%
140-
150° East
Sapporo, Japan
84.9%
120-
130° East
Busan, South Korea
84.6%
170-
180° East
Suva, Fiji
84.2%
160-
170° East
Wé, New Caledonia
82.9%
130-
140° East
Nagoya, Japan
78.9%
130-
140° East
Adelaide, Australia
76.8%
140-
150° East
Melbourne, Australia
76.5%
170-
180° East
Auckland, New Zealand
76.5%
150-
160° East
Brisbane, Australia
74.8%
170-
180° East
Wellington, New Zealand
74.5%
130-
140° East
Kyoto, Japan
73.5%
120-
130° East
Harbin, China
72.8%
140-
150° East
Canberra, Australia
70.1%
130-
140° East
Hiroshima, Japan
67.1%
140-
150° East
Port Moresby, Papua New Guinea
65.8%
120-
130° East
Incheon, South Korea
64.4%
170-
180° East
Christchurch, New Zealand
63.4%
120-
130° East
Daegu, South Korea
63.1%
120-
130° East
Pyongyang, North Korea
61.7%
120-
130° East
Quezon City, Philippines
61.1%
130-
140° East
Fukuoka, Japan
60.4%
130-
140° East
Yokohama, Japan
60.1%
120-
130° East
Dalian, China
58.1%
140-
150° East
Sendai, Japan
58.1%
150-
160° East
Newcastle, Australia
57.4%
150-
160° East
Gold Coast, Australia
55.4%
150-
160° East
Honiara, Solomon Islands
55.4%
160-
170° East
Port Vila, Vanuatu
55.4%
120-
130° East
Qingdao, China
50%
120-
130° East
Shenyang, China
46.6%
130-
140° East
Kawasaki, Japan
46.6%
170-
180° East
Dunedin, New Zealand
46.3%
° Range
City
% Correct
160-
170° East
Nouméa, New Caledonia
45.6%
160-
170° East
Yaren, Nauru
44.6%
150-
160° East
Wollongong, Australia
44%
120-
130° East
Suzhou, China
43%
140-
150° East
Chiba, Japan
40.9%
120-
130° East
Changchun, China
40.3%
120-
130° East
Hangzhou, China
39.9%
130-
140° East
Saitama, Japan
38.3%
150-
160° East
Sunshine Coast, Australia
37.9%
130-
140° East
Kitakyushu, Japan
37.2%
120-
130° East
Daejeon, South Korea
36.9%
140-
150° East
Fukushima, Japan
35.6%
120-
130° East
Jilin, China
33.6%
170-
180° East
Hamilton, New Zealand
33.2%
120-
130° East
Kaohsiung, Taiwan
31.9%
130-
140° East
Niigata, Japan
31.5%
130-
140° East
Sakai, Japan
29.2%
130-
140° East
Hamamatsu, Japan
23.5%
130-
140° East
Kagoshima, Japan
23.5%
130-
140° East
Shizuoka, Japan
22.5%
130-
140° East
Okayama, Japan
21.8%
160-
170° East
Invercargill, New Zealand
21.5%
170-
180° East
Napier, New Zealand
20.1%
120-
130° East
Fushun, China
19.8%
150-
160° East
Toowoomba, Australia
19.5%
170-
180° East
Tauranga, New Zealand
18.8%
170-
180° East
Rotorua, New Zealand
18.5%
140-
150° East
Akita, Japan
17.4%
130-
140° East
Kumamoto, Japan
17.1%
150-
160° East
Petropavlovsk-Kamchatsky, Russia
17.1%
160-
170° East
Gore, New Zealand
16.8%
140-
150° East
Jayapura, Indonesia
16.4%
170-
180° East
Lower Hutt, New Zealand
15.8%
150-
160° East
Port Macquarie, Australia
14.4%
150-
160° East
Rockhampton, Australia
14.1%
170-
180° East
Manukau, New Zealand
14.1%
140-
150° East
Morioka, Japan
13.4%
150-
160° East
Magadan, Russia
13.4%
140-
150° East
Hakodate, Japan
13.1%
170-
180° East
Hastings, New Zealand
13.1%
° Range
City
% Correct
140-
150° East
Aomori, Japan
12.8%
130-
140° East
Sagamihara, Japan
12.4%
170-
180° East
Palmerston North, New Zealand
11.4%
160-
170° East
Queenstown, New Zealand
11.1%
140-
150° East
Mito, Japan
10.4%
160-
170° East
Le Mont-Dore, New Caledonia
10.4%
170-
180° East
Whangarei, New Zealand
10.4%
170-
180° East
Nadi, Fiji
10.1%
170-
180° East
Lautoka, Fiji
9.7%
160-
170° East
Païta, New Caledonia
9.7%
150-
160° East
Bundaberg, Australia
8.4%
150-
160° East
Hervey Bay, Australia
8.1%
170-
180° East
North Shore, New Zealand
8.1%
150-
160° East
Maitland, Australia
7.7%
160-
170° East
Koné, New Caledonia
7.7%
160-
170° East
Auki, Solomon Islands
7.7%
170-
180° East
Nasinu, Fiji
7.4%
140-
150° East
Asahikawa, Japan
7%
140-
150° East
Iwaki, Japan
7%
160-
170° East
Dumbéa, New Caledonia
7%
140-
150° East
Hachinohe, Japan
6.7%
150-
160° East
Tamworth, Australia
6.7%
170-
180° East
Waitakere, New Zealand
6.7%
140-
150° East
Koriyama, Japan
6%
140-
150° East
Yamagata, Japan
6%
140-
150° East
Tsukuba, Japan
6%
160-
170° East
Cromwell, New Zealand
6%
160-
170° East
Wanaka, New Zealand
5.7%
140-
150° East
Ichihara, Japan
5.4%
150-
160° East
Tweed Heads, Australia
5%
160-
170° East
Luganville, Vanuatu
5%
150-
160° East
Yelizovo, Russia
4.7%
160-
170° East
Alexandra, New Zealand
4.7%
160-
170° East
Poindimié, New Caledonia
4.7%
160-
170° East
Bourail, New Caledonia
4.7%
150-
160° East
Arawa, Papua New Guinea
4.4%
150-
160° East
Kokopo, Papua New Guinea
4%
160-
170° East
Ebeye, Marshall Islands
4%
170-
180° East
Nausori, Fiji
4%
160-
170° East
Tadine, New Caledonia
4%
Quiz Playlist
Details
Report
Send in Message
Add To Playlist
Classic:
Type in answers that appear in a list
Quiz Source
Last Updated: Feb 16, 2017
Quiz Scoreboard
CHALLENGE
Sign Up to Join the Scoreboard
Show All
Scores
Hide
Comments
May contain spoilers
Recently Published
9x9 Crossword: Cartoon Network
by jackfrog10
Miscellaneous
3m
College Basketball Coaching Resumes
by pancakes188
Sports
9m
Billboard Blitz: Fleetwood Mac
by CooCooCachoo
Music
15s
More to Explore
Quiz From the Vault
Featured Blog Post
Where Did the Easter Bunny Come From?
hide this ad
You Might Also Like...
Tags
Asia Quiz
City Quiz
Oceania Quiz
Population Quiz
east
largest
Largest City
longitude
range
Today's Top Quizzes in Geography
Browse Geography
hide this ad
Today's Top Quizzes in Population
Browse Population
Top Contributed Quizzes in Geography
1
Countries of the World - No Outlines Minefield
2
Top 25 Cities of France on a map
3
Any capital of a 'B' country per Continent
4
Any capital of a 'C' country per Continent
5
Closest Countries to UK A-Z
6
Any capital of a 'D' country per Continent
7
5-to-1: US Geography No Hints
8
Any capital of an 'E' country per Continent
9
Find the US States - No Outlines
10
Any capital of an 'F' country per Continent
Explore More
Trending Topics
Disney
Anime
Harry Potter
NBA
Kpop
Crossword
Marvel
NFL
Pokémon
Soccer
Country
The Office
Puzzle
Song
WWE
hide this ad
More By:
viator_mundi
Quiz
Plays
Rating
Category
Featured
Created
20 Least Densely Populated Countries
114,331
4.35
Geography
Nov 11, 2013
10 Cities North of Cleveland (Blitz)
57,497
3.99
Geography
Apr 7, 2016
Top 10 European Cities by Name Length
35,375
4.42
Geography
Mar 31, 2015
Top 'S' Cities by State
30,412
4.35
Geography
Jan 15, 2014
20+ International Goals (UEFA)
14,321
4.76
Sports
Aug 20, 2015
Go to Creator's Profile
Score Distribution
Quiz Creator Spotlight
viator_mundi
Follow
Send a Message
Quizzes Created
-
Created Quiz Play Count
-
More By This Creator
Popular Quizzes Today
1
Find the US States - No Outlines Minefield
2
Find the Countries of Europe - No Outlines Minefield
3
The Countries of the World
4
Find the US States
5
Risky Map Clicking: Biggest States A-Z
6
US States
7
Popular People in 1961
8
Movies - When Are They Set?
More Geography Quizzes
Mountain to Continent Sort
Editor's Pick
Trending Quizzes
Risky Map Clicking: Least Populous States A-Z
1-10 Letter G Words
Risky Map Clicking: Next State Alphabetically
Adjectives in 80s TV Shows
The Seven Year Switch: Catherine
Recently Updated
Leaping Animals
pecheneg
Reality TV Shows (A-Z)
bhenderson79
Rickey Henderson's Hall of Fame Teammates
pecheneg
Champions League XIs: Arsenal
pecheneg
Quick Pick: Celebrities in WWE's Hall of Fame
aduchscher
A-Z Keypad Blitz II
pecheneg
Multiple Oscar Actors
pecheneg
Mystery Phrase Blitz: Oscar 'Best Actors'
pecheneg
F. Scott Fitzgerald Novels
LTH
Pick 3 Villains
ddd62291
Trending Topics
NBA
Kpop
Crossword
Harry Potter
Disney
Anime
Marvel
Country
NFL
Soccer
WWE
Song
The Office
Puzzle
Pokémon
Your Account Isn't Verified!
In order to create a playlist on Sporcle, you need to verify the email address you used during registration. Go to your
Sporcle Settings
to finish the process.
Report this User
Report this user for behavior that violates our
Community Guidelines
.
Details:
Send Report
Go to the Sporcle.com Mobile Site →
Comments